Capacidad soportante y deformabilidad de la fundación de muros de escollera

Uloženo v:
Podrobná bibliografie
Hlavní autor: Fallas Estrada, Pedro José
Médium: Kniha
Jazyk:Spanish
Vydáno: [San José], Costa Rica 2015
Témata:
Tagy: Přidat tag
Žádné tagy, Buďte první, kdo vytvoří štítek k tomuto záznamu!

MARC

LEADER 00000nam a22000007a 4500
003 012265
005 20221231143913.0
008 150917b2015 cr a|||| |||| 00| 0 spa d
040 |c cru CEDI  
090 |a TFG 7429 
100 |a Fallas Estrada, Pedro José   |9 1175 
245 |a Capacidad soportante y deformabilidad de la fundación de muros de escollera 
260 |a  [San José], Costa Rica  |c 2015 
500 |a Proyecto de graduación (licenciatura en ingeniería civil)--Universidad de Costa Rica. Facultad de Ingeniería. Escuela de Ingeniería Civil, 
648 |x MUROS DE CONTENCION - PRUEBAS  |x MUROS DE CONTENCION  |x MUROS DE CONTENCION - DISEÑO Y CONSTRUCCION  |x CIMENTACIONES   |9 1176 
942 |c TFG 
999 |c 14009  |d 14009